000 00937nam a2200181Ia 4500
008 151202s9999||||xx |||||||||||||| ||und||
082 _bPNVM-67579
100 _aबियाणी प्रकाश / अनु. बेडेकर सुवर्णा.
245 _aभारतीय उद्योजिका ‘ शून्य ते शिखर.
260 _b"इंद्रा पब्लिशिंग हाऊस, भोपाळ."
260 _c67579
300 _a253
600 _aबियाणी प्रकाश / अनु. बेडेकर सुवर्णा.
630 _aभारतीय उद्योजिका ‘ शून्य ते शिखर.
700 _aबियाणी प्रकाश / अनु. बेडेकर सुवर्णा.
730 _aभारतीय उद्योजिका ‘ शून्य ते शिखर.
942 _cBOOK
999 _c1334108
_d1334105